| 000 | 00853nam a22002537a 4500 | ||
|---|---|---|---|
| 005 | 20110311150921.0 | ||
| 008 | 110311t xxu||||| |||| 00| 0 eng d | ||
| 010 | _aENG-102110 | ||
| 020 |
_a9788184840797 _c950.00 |
||
| 035 | _aEN-85643 | ||
| 037 | _bDBAD / PUB | ||
| 040 |
_adpl _bEng |
||
| 082 | _a376.6091724 | ||
| 100 | _926476 | ||
| 245 |
_aWomen education and empowerment / _cedited by Chitranjan Ojha |
||
| 260 |
_aNew Delhi _bRegal Publications _c2010 |
||
| 270 |
_aF-159, Rajouri Garden _bNew Delhi _e110027 |
||
| 300 |
_axiii, 221p. _c23cm (Hb) |
||
| 500 | _aIncludes index | ||
| 650 | _926478 | ||
| 700 | _926477 | ||
| 942 |
_2ddc _cEN _mWOM _h376.6091724 |
||
| 999 |
_c51019 _d51019 |
||